| 000 | 01036cam a22003377a 4500 | ||
|---|---|---|---|
| 003 | CHAP | ||
| 005 | 20220329142615.0 | ||
| 008 | 010926d2000 mx r 00110 spa d | ||
| 010 | _a85596 | ||
| 011 | _a86568 | ||
| 035 | _a97107 | ||
| 040 | _cCHAP | ||
| 082 | 0 | 4 |
_a920 _bK7Y 1963 |
| 100 | 0 | 0 |
_aKruif, Paul de _963984 |
| 245 | 1 | 4 |
_aLos cazadores de microbios _c/por Paul de Kruif |
| 250 | _a8 ed. | ||
| 260 |
_aMéxico, D.F. : _bDiana, _c1963. |
||
| 300 |
_a365 p. : _bilus. |
||
| 500 | _aTrad. de : Mikrobenjager, 64ed. alemana | ||
| 590 |
_aBATCH-UPD _b10 _c20130110 _lUCH01 _h0552 |
||
| 590 |
_aBATCH-UPD _b10 _c20130410 _lUCH01 _h0234 |
||
| 590 |
_aBATCH-UPD _b10 _c20130914 _lUCH01 _h0517 |
||
| 590 |
_aCONVERSION _b10 _c20130109 _lUCH01 _h1348 |
||
| 650 | 1 | 4 |
_aBacteriología _xHistoria. _99332 |
| 650 | 1 | 4 |
_aCientíficos. _923246 |
| 650 | 1 | 4 |
_aMicrobiología _xHistoria. _975494 |
| 901 | _aBK | ||
| 905 | _aAlejandra Carrasco M. | ||
| 942 | _cLIBRO | ||
| 949 |
_a920 K7Y 1963 _bBC _cLIBRO _d33724000925723 _eLIBRO _h102430 _i97107 _si |
||
| 999 |
_c85596 _d85596 |
||